Catholic University of Zimbabwe Library
Online Public Access Catalogue
(OPAC)

Gender bias and digital financial services in South Asia : (Record no. 29518)

MARC details
000 -LEADER
fixed length control field 02670nam a2200457Ii 4500
001 - CONTROL NUMBER
control field 9781838678579
003 - CONTROL NUMBER IDENTIFIER
control field UtOrBLW
005 - DATE AND TIME OF LATEST TRANSACTION
control field 20210303084755.0
006 - FIXED-LENGTH DATA ELEMENTS--ADDITIONAL MATERIAL CHARACTERISTICS
fixed length control field m o d
007 - PHYSICAL DESCRIPTION FIXED FIELD--GENERAL INFORMATION
fixed length control field cr un|||||||||
008 - FIXED-LENGTH DATA ELEMENTS--GENERAL INFORMATION
fixed length control field 200320s2020 enk ob 001 0 eng d
020 ## - INTERNATIONAL STANDARD BOOK NUMBER
International Standard Book Number 9781838678579
040 ## - CATALOGING SOURCE
Original cataloging agency UtOrBLW
Language of cataloging eng
Description conventions rda
Transcribing agency UtOrBLW
043 ## - GEOGRAPHIC AREA CODE
Geographic area code az-----
050 #4 - LIBRARY OF CONGRESS CALL NUMBER
Classification number HG176.63.S64
Item number A76 2020
072 #7 - SUBJECT CATEGORY CODE
Subject category code BUS070140
Source bisacsh
072 #7 - SUBJECT CATEGORY CODE
Subject category code KFFK
Source bicssc
080 ## - UNIVERSAL DECIMAL CLASSIFICATION NUMBER
Universal Decimal Classification number 336
082 04 - DEWEY DECIMAL CLASSIFICATION NUMBER
Classification number 332.021
Edition number 23
100 1# - MAIN ENTRY--PERSONAL NAME
Personal name Arora, Rashmi U.,
Relator term author.
245 10 - TITLE STATEMENT
Title Gender bias and digital financial services in South Asia :
Remainder of title obstacles and opportunities on the road to equal access /
Statement of responsibility, etc. authored by Dr. Rashmi U. Arora (Bradford University, UK).
264 #1 - PRODUCTION, PUBLICATION, DISTRIBUTION, MANUFACTURE, AND COPYRIGHT NOTICE
Name of producer, publisher, distributor, manufacturer Emerald Publishing Limited,
300 ## - PHYSICAL DESCRIPTION
Extent 1 online resource (128 pages).
490 1# - SERIES STATEMENT
Series statement Emerald points
500 ## - GENERAL NOTE
General note Includes index.
504 ## - BIBLIOGRAPHY, ETC. NOTE
Bibliography, etc. note Includes bibliographical references.
520 ## - SUMMARY, ETC.
Summary, etc. Several studies have shown that financial inclusion impacts poverty and income inequality and higher levels of financial inclusion lead to lower poverty and income inequality and promotes inclusive economic growth. However, the gender gap in access and usage of financial services remains pervasive across all the countries in South Asia. Patriarchal societies, low involvement of women in decision making, low empowerment of women, no voice in the family matters are some of the factors influencing women's financial access in the region. Although literature has developed on access to financial services in general, there is not much academic work available on access to digital financial services for women. Gender Bias and Digital Financial Services in South Asia: Obstacles and Opportunities on the Road to Equal Access examines access to financial services to women in general in South Asia and specifically their access to digital financial services.
588 0# - SOURCE OF DESCRIPTION NOTE
Source of description note Print version record.
505 0# - FORMATTED CONTENTS NOTE
Formatted contents note Prelims -- 1 Introduction -- 2 Financial Services to All -- 3 Financial Services to Women -- 4 Digital Financial Services to Women: Access and Constraints -- 5 Conclusion -- References -- Index.
650 #0 - SUBJECT ADDED ENTRY--TOPICAL TERM
Topical term or geographic name entry element Discrimination in financial services
Geographic subdivision South Asia.
650 #0 - SUBJECT ADDED ENTRY--TOPICAL TERM
Topical term or geographic name entry element Sex discrimination
Geographic subdivision South Asia.
650 #7 - SUBJECT ADDED ENTRY--TOPICAL TERM
Topical term or geographic name entry element Business & Economics
General subdivision Industries
-- Financial Services.
Source of heading or term bisacsh
650 #7 - SUBJECT ADDED ENTRY--TOPICAL TERM
Topical term or geographic name entry element Banking.
Source of heading or term bicssc
776 ## - ADDITIONAL PHYSICAL FORM ENTRY
International Standard Book Number 9781838678586
830 #0 - SERIES ADDED ENTRY--UNIFORM TITLE
Uniform title Emerald points.
856 40 - ELECTRONIC LOCATION AND ACCESS
Uniform Resource Identifier <a href="https://doi.org/10.1108/9781838678555">https://doi.org/10.1108/9781838678555</a>
Holdings
Withdrawn status Lost status Source of classification or shelving scheme Damaged status Not for loan Home library Current library Shelving location Date acquired Total Checkouts Full call number Date last seen Uniform Resource Identifier Price effective from Koha item type
          Digital Library Digital Library Online Access 03.03.2021   HG176.63.S64 A76 2020 03.03.2021 https://doi.org/10.1108/9781838678555 03.03.2021 eBook

OPENING HOURS

Weekdays: 0815hrs - 1800hrs
Weekends:0900hrs - 1200hrs

Closed for Mass:

Mon, Thur: 1200hrs - 1300hrs
Sunday & Public Holiday’s

CALL SUPPORT

0242-570570, 0242-570169
09200664, +263 8644140602

LOCATION

18443, Cranborne Avenue, Hatfield, Harare

Other Links


©2021 | CUZ Library